00393nam a2200145Ia 4500008004100000020001500041041001200056082001600068100001300084245006900097260004100166300000800207650001600215700001600231221030s9999 xx 000 0 und d a8129705761 aEnglish a105.23bKro aP. Kroll 4aThe Rational Unified Process Made Easycby P. Kroll, P. Kruchten bPearson EducationaNew Delhic2006 a416 aBE Computer aP. Kruchten